| 000 | 01303nam a2200229 a 4500 | ||
|---|---|---|---|
| 008 | 120416s1980 ||||||||||||||||| || u | ||
| 020 | _a0860031268 | ||
| 050 | _aHC 79.E5 Low | ||
| 100 | _aLowe, Julian | ||
| 245 | 1 | 4 | _aThe economics of environmental management |
| 260 |
_aOxford: _bPhilip Allan _c1980 |
||
| 300 | _aviii, 344p. : ill | ||
| 350 | _a0.00 | ||
| 650 | _aENVIRONMENT | ||
| 650 | _aENVIRONMENTAL MANAGEMENT--ECONOMIC ASPECTS | ||
| 650 | _aENVIRONMENTAL SCIENCE--MANAGEMENT | ||
| 995 |
_aANNEX COLLECTION (Main Library) _D0.00 _e002677 _FCBU-MAIN LIBRARY (Kitwe) _H5 _I14.95 _jHC 79.E5 Low _M4 _UAVAILABLE _y002677 _ZAnnex Low-Usage Collection |
||
| 995 |
_aMAIN LIBRARY OPEN ACCESS _D0.00 _e721323 _FCBU-MAIN LIBRARY (Kitwe) _H3 _I14.95 _jHC 79.E5 Low _M5 _UAVAILABLE _y002678 _ZMain Library Open Access Collection |
||
| 995 |
_aMAIN LIBRARY OPEN ACCESS _D0.00 _e708270 _FCBU-MAIN LIBRARY (Kitwe) _H4 _I14.95 _jHC 79.E5 Low _M1 _UAVAILABLE _y002674 _ZMain Library Open Access Collection |
||
| 995 |
_aANNEX COLLECTION (Main Library) _D0.00 _e002676 _FCBU-MAIN LIBRARY (Kitwe) _H1 _I14.95 _jHC 79.E5 Low _M3 _UAVAILABLE _y002676 _ZAnnex Low-Usage Collection |
||
| 995 |
_aANNEX COLLECTION (Main Library) _D0.00 _e002675 _FCBU-MAIN LIBRARY (Kitwe) _H2 _I14.95 _jHC 79.E5 Low _M2 _UAVAILABLE _y002675 _ZAnnex Low-Usage Collection |
||
| 999 |
_c75716 _d75716 |
||